LEADER 01054nam a2200253 4500 001 000000342638 003 CaOOAMICUS 005 20201020000000.0 008 201020s1999 it 000 u ita r 020 $a88-384-3121-3 040 $aSeMil$bita 100 1 $aMarinina, Aleksandra Borisovna.$0(OLS)http://semarc/name/110458 240 10$aPosmerthyj Obraz.$0(OLS)http://semarc/title/431487 245 12$aL'attrice /$cAlexandra Marinina ; traduzione di Emanuela Guercetti. 264 1$aCasale Monferrato (AL) :$bPiemme,$c1999. 300 $a250 p. ;$c23 cm 500 $aIn cop. : Anastasija Kamenskaja, polizia di Mosca 700 1 $aGuercetti, Emanuela,$etraduttore.$0(OLS)http://semarc/name/110465 850 $aSeMil 852 $aSeMil$W1$xVenegono$y1$m1V III 315$j222606$B233910$CSeMilBibl$Z2$F233910 $81 996 $6020$a88-384-3121-3$9(OLS)http://semarc/number/291475 996 $6245$aL'attrice$9(OLS)http://semarc/title/431488 996 $6264$aCasale Monferrato (AL) :$bPiemme$9(OLS)http://semarc/publisher/30052 LEADER 01062nam a2200253 i 4500 001 000000066774 003 CaOOAMICUS 005 20070531000000.0 008 070531s1975 it u000 u ita u 013 $a37946 040 $aSeMil$bita 100 1 $aRoscioni, Gian Carlo.$0(OLS)http://semarc/name/33397 245 13$aLa disarmonia prestabilita :$bstudio su Gadda /$cGian Carlo Roscioni. 260 $aTorino :$bPiccola Biblioteca Einaudi,$ccopyr. 1975. 300 $a217 p. ;$c18 cm. 490 0 $aPiccola biblioteca Einaudi ;$v238 500 $aContiene : Appendice. 600 14$aGadda, Carlo Emilio <1893-1973>.$0(OLS)http://semarc/subject/12987 830 0$aPiccola biblioteca Einaudi ;$v238.$0(OLS)http://semarc/title/11221 850 $aSeMil 852 $aSeMil$W1$xVenegono$y1$m1D III 65$j32927$B32927$CSeMilBibl$Z2$F32930 $81 961 $aOmaggio: Donazione 996 $6245$aLa disarmonia prestabilita :$bstudio su Gadda$9(OLS)http://semarc/title/106250 996 $6260$aTorino :$bPiccola Biblioteca Einaudi$9(OLS)http://semarc/publisher/34351